| 000 | 00461nam a2200157Ia 4500 | ||
|---|---|---|---|
| 999 |
_c12452 _d12452 |
||
| 082 | _aTR.0275 | ||
| 100 | _aRay Chaudhuri, R. | ||
| 245 | 0 | _aDemographic study on two culturally diverse communities in Calcutta | |
| 260 |
_c1992 _bUniversity of Calcutta |
||
| 300 | _a161p. + C D-5 | ||
| 650 | _aMUSLIMS - WEST BENGAL - CALCUTTA | ||
| 650 | _aMARWARIS - WEST BENGAL - CALCUTTA | ||
| 650 | _aCALCUTTA - POPULATION | ||
| 710 | _aSen, Tulika | ||
| 942 |
_cTH _2ddc |
||